[Event "Toronto-ch seniors"]
[Site "Toronto CAN"]
[Date "2010.11.09"]
[Round "3"]
[White "Bellomo, Joe"]
[Black "Stein, Mickey"]
[Result "0-1"]
[WhiteElo "1700"]
[BlackElo "1993"]
[PlyCount "74"]
[EventDate "2010.10.26"]
[EventType "tourn"]
[EventRounds "7"]
[EventCountry "CAN"]

1. e4 c5 2. Nf3 d6 3. d4 cxd4 4. Nxd4 Nf6 5. Nc3 a6 6. Bg5 Nbd7 7. Qd2 Qc7 8.
O-O-O e6 9. f4 Be7 10. Be2 b5 11. Bf3 Bb7 12. Rhe1 O-O 13. Bxf6 Nxf6 14. g4 Nd7
15. g5 Nc5 16. h4 b4 17. Nb1 a5 18. Nb5 Qc6 19. Nxd6 Rfd8 20. Qe3 Rxd6 21. Nd2
Nd3+ 22. Kb1 Nxe1 23. Rxe1 Rad8 24. Nb3 Qc7 25. e5 R6d7 26. Be2 a4 27. Nc1 Bc5
28. Qg3 Qb6 29. h5 Bf2 30. Qg4 Bxe1 31. g6 fxg6 32. hxg6 h6 33. f5 exf5 34.
Qxf5 Re7 35. Bc4+ Bd5 36. Bd3 Qe6 37. Qf4 Qxe5 0-1

[Event "Toronto-ch seniors"]
[Site "Toronto CAN"]
[Date "2010.11.09"]
[Round "3"]
[White "Kornmann, Maxim"]
[Black "Armstrong, Robert J"]
[Result "1-0"]
[WhiteElo "1746"]
[BlackElo "1831"]
[PlyCount "87"]
[EventDate "2010.10.26"]
[EventType "tourn"]
[EventRounds "7"]
[EventCountry "CAN"]

1. e4 g6 2. Nf3 Bg7 3. Bc4 d6 4. d3 Nf6 5. O-O O-O 6. c3 Nc6 7. h3 a6 8. a4 Bd7
9. Be3 Na5 10. Ba2 c5 11. Nbd2 b5 12. e5 Ne8 13. Bd5 Rc8 14. b4 cxb4 15. cxb4
Nc6 16. axb5 Nxb4 17. Bb7 Rb8 18. bxa6 Rxb7 19. axb7 Nc7 20. Rb1 Nba6 21. exd6
exd6 22. Ne4 Bc6 23. Bb6 Bxb7 24. Qc2 Bxe4 25. dxe4 Qd7 26. Rfc1 Ne6 27. Rd1
Rc8 28. Qd3 Nac5 29. Qd5 Nf4 30. Qxd6 Qxd6 31. Rxd6 Nxe4 32. Rd8+ Rxd8 33. Bxd8
h6 34. Bc7 Nd5 35. Rb8+ Kh7 36. Ba5 Bf6 37. Rb5 Ne7 38. Ne5 Kg7 39. Nd7 Bd4 40.
Be1 Nf5 41. Kf1 Nfd6 42. Rd5 Nf5 43. g4 Ne7 44. Rxd4 1-0

[Event "Toronto-ch seniors"]
[Site "Toronto CAN"]
[Date "2010.11.09"]
[Round "3"]
[White "Pancer, Jeff"]
[Black "Kormendi, Fred"]
[Result "0-1"]
[WhiteElo "1233"]
[BlackElo "1537"]
[PlyCount "134"]
[EventDate "2010.10.26"]
[EventType "tourn"]
[EventRounds "7"]
[EventCountry "CAN"]

1. h3 e5 2. a3 d5 3. d3 Nf6 4. e3 Nc6 5. b3 Bd6 6. g3 Be6 7. Bb2 Qd7 8. Ne2 h6
9. Nd2 O-O-O 10. Bg2 Kb8 11. b4 a6 12. g4 g5 13. c3 h5 14. a4 hxg4 15. hxg4
Bxg4 16. b5 Na5 17. bxa6 bxa6 18. Ba3 Rxh1+ 19. Bxh1 Rh8 20. Bg2 Rh2 21. Kf1
Bh5 22. Bxd6 cxd6 23. Qb1+ Nb7 24. Ng3 Bg6 25. Nf3 Rh8 26. Nxg5 Ka7 27. Qd1 Nc5
28. d4 Nce4 29. N5xe4 dxe4 30. d5 Qc8 31. Qc2 Qc4+ 32. Kg1 Rc8 33. Rc1 Rc5 34.
Bf1 Qxd5 35. c4 Qe6 36. Rd1 d5 37. Qb3 dxc4 38. Qb4 Qb6 39. Qc3 Qb3 40. Qa1 c3
41. Rb1 Qc2 42. Ne2 Ng4 43. Rc1 Qb2 44. Qxb2 cxb2 45. Rb1 Rc2 46. Kg2 f5 47.
Kg3 Bf7 48. Nc3 Rxf2 49. Be2 Rxe2 50. Nxe2 Nxe3 51. Rxb2 f4+ 52. Nxf4 exf4+ 53.
Kxf4 Nc4 54. Rc2 Bd5 55. Re2 Kb6 56. Kg3 Ka5 57. Kf2 Kxa4 58. Ke1 Kb4 59. Kd1
a5 60. Kc1 a4 61. Kb1 a3 62. Ka1 e3 63. Ra2 Bf3 64. Rc2 e2 65. Rc1 Nd2 66. Ka2
Bd5+ 67. Ka1 Nb3+ 0-1

[Event "Toronto-ch seniors"]
[Site "Toronto CAN"]
[Date "2010.11.16"]
[Round "4"]
[White "Armstrong, Robert J"]
[Black "Bellomo, Joe"]
[Result "1-0"]
[WhiteElo "1831"]
[BlackElo "1700"]
[PlyCount "83"]
[EventDate "2010.10.26"]
[EventType "tourn"]
[EventRounds "7"]
[EventCountry "CAN"]

1. d4 Nf6 2. c4 e6 3. Nf3 b6 4. e3 Bb7 5. Bd3 Be7 6. O-O O-O 7. Nc3 d5 8. cxd5
exd5 9. Qc2 Nbd7 10. a3 c5 11. b3 c4 12. bxc4 dxc4 13. Bxc4 Rc8 14. Be2 Qc7 15.
Bb2 Ne4 16. Rac1 Nxc3 17. Qxc3 Qd6 18. Qd2 Nf6 19. Rxc8 Rxc8 20. Rc1 Re8 21.
Ne5 Ne4 22. Qd1 Nf6 23. Bc4 Rf8 24. Qb3 Bd5 25. Bxd5 Nxd5 26. Rc6 Qd8 27. Qc4
Bf6 28. Nd3 Ne7 29. Rc7 a6 30. a4 b5 31. axb5 axb5 32. Qc5 Nd5 33. Rb7 Be7 34.
Qxb5 Nc7 35. Qb3 Qd6 36. Ba3 Qxa3 37. Qxa3 Bxa3 38. Rxc7 Bd6 39. Rd7 Ra8 40. g3
Bf8 41. d5 f6 42. Nf4 1-0

[Event "Toronto-ch seniors"]
[Site "Toronto CAN"]
[Date "2010.11.16"]
[Round "4"]
[White "Kormendi, Fred"]
[Black "Kornmann, Maxim"]
[Result "1/2-1/2"]
[WhiteElo "1537"]
[BlackElo "1746"]
[PlyCount "106"]
[EventDate "2010.10.26"]
[EventType "tourn"]
[EventRounds "7"]
[EventCountry "CAN"]

1. Nf3 Nc6 2. d4 d5 3. e3 a6 4. c4 e6 5. Nc3 Nf6 6. a3 Be7 7. Bd3 O-O 8. O-O
dxc4 9. Bxc4 b5 10. Bd3 b4 11. Ne4 bxa3 12. bxa3 Bb7 13. Rb1 Rb8 14. Nxf6+ Bxf6
15. Bd2 Ne7 16. Bb4 Re8 17. Qc2 h6 18. Nd2 Nd5 19. Ba5 Nxe3 20. fxe3 Qd5 21.
Be4 Qxa5 22. Bxb7 Qxa3 23. Rb3 Qe7 24. Bxa6 Ra8 25. Bb7 Ra7 26. Ne4 Rb8 27.
Nxf6+ gxf6 28. Be4 Rd8 29. Qf2 f5 30. Bd3 c5 31. Qg3+ Kh7 32. h3 cxd4 33. e4
Rg8 34. Qf2 fxe4 35. Bxe4+ f5 36. Bd3 Qd6 37. Rfb1 Rag7 38. Rb7 Qc6 39. Rxg7+
Rxg7 40. Be2 Qe4 41. Rb4 Qd5 42. Bf3 Qc5 43. Rxd4 e5 44. Rd1 Qe7 45. Qd2 Qh4
46. Kh1 e4 47. Qd5 Qg5 48. Bxe4 fxe4 49. Qxe4+ Kh8 50. Re1 Qd2 51. Qa8+ Kh7 52.
Re8 Qd1+ 53. Kh2 Qd6+ 1/2-1/2

[Event "Toronto-ch seniors"]
[Site "Toronto CAN"]
[Date "2010.11.16"]
[Round "4"]
[White "Pishdad, Hassan"]
[Black "Stein, Mickey"]
[Result "0-1"]
[WhiteElo "1228"]
[BlackElo "1993"]
[PlyCount "78"]
[EventDate "2010.10.26"]
[EventType "tourn"]
[EventRounds "7"]
[EventCountry "CAN"]

1. d4 f5 2. Nf3 Nf6 3. c4 g6 4. Nc3 Bg7 5. e4 fxe4 6. Nd2 O-O 7. Ndxe4 d6 8.
Be3 Ng4 9. Qd2 Nxe3 10. fxe3 Nc6 11. O-O-O e5 12. d5 Ne7 13. h3 a6 14. g4 Bd7
15. c5 Nc8 16. Bc4 Kh8 17. h4 Bxg4 18. Be2 Bf5 19. Rdg1 dxc5 20. Nxc5 Nd6 21.
e4 Bc8 22. Bg4 b6 23. Bxc8 bxc5 24. Be6 Qf6 25. Qg2 Bh6+ 26. Kb1 Nb5 27. Na4
Be3 28. Rf1 Qe7 29. h5 g5 30. Bf5 h6 31. Qe2 Bd4 32. Rc1 Rab8 33. Rh3 Nd6 34.
Qxa6 Nxf5 35. exf5 Rxf5 36. Qxh6+ Qh7 37. Qxh7+ Kxh7 38. b3 Rb5 39. h6 e4 0-1

[Event "Toronto-ch seniors"]
[Site "Toronto CAN"]
[Date "2010.11.16"]
[Round "4"]
[White "Pussar, Antonio"]
[Black "Pancer, Jeff"]
[Result "1-0"]
[WhiteElo "1226"]
[BlackElo "1233"]
[PlyCount "115"]
[EventDate "2010.10.26"]
[EventType "tourn"]
[EventRounds "7"]
[EventCountry "CAN"]

1. e4 a6 2. Nf3 h6 3. d4 e6 4. Bd3 d6 5. Be3 b6 6. h3 g6 7. Nbd2 Bb7 8. c3 Ne7
9. Nh2 Bg7 10. O-O Nd7 11. f4 Nf8 12. f5 gxf5 13. exf5 exf5 14. Bxf5 Nxf5 15.
Rxf5 Qd7 16. Qf1 f6 17. Ng4 O-O-O 18. Qd3 Ng6 19. g3 h5 20. Nf2 h4 21. g4 Ne7
22. Rh5 Rxh5 23. gxh5 Rh8 24. Bf4 Rxh5 25. Qe2 Rh8 26. Re1 Nf5 27. Kh2 Bh6 28.
Bxh6 Rxh6 29. Ng4 Ng3 30. Qe8+ Qxe8 31. Rxe8+ Kd7 32. Rb8 Rg6 33. Rxb7 f5 34.
Ne3 Kc8 35. Ra7 a5 36. Nd5 Re6 37. Rxc7+ Kb8 38. Re7 Rxe7 39. Nxe7 f4 40. Nf3
Nh5 41. Nxh4 Kc7 42. d5 Kd7 43. Nef5 Kc7 44. Nd4 Kd7 45. Nhf5 Kc7 46. Nb5+ Kd7
47. Nbd4 Kc7 48. Kg2 Kd7 49. Kf3 Kc7 50. Ne6+ Kd7 51. Nxf4 Nxf4 52. Kxf4 Ke8
53. h4 Kf7 54. h5 Kg8 55. Nxd6 Kh7 56. Kf5 Kh6 57. Kg4 a4 58. Nf5+ 1-0

[Event "Toronto-ch seniors"]
[Site "Toronto CAN"]
[Date "2010.11.23"]
[Round "5"]
[White "Bellomo, Joe"]
[Black "Kormendi, Fred"]
[Result "1-0"]
[WhiteElo "1700"]
[BlackElo "1537"]
[PlyCount "95"]
[EventDate "2010.10.26"]
[EventType "tourn"]
[EventRounds "7"]
[EventCountry "CAN"]

1. e4 Nc6 2. d4 e6 3. Nf3 Nf6 4. Nbd2 d5 5. e5 Nd7 6. Nb3 b6 7. c3 Be7 8. Bd3
Bb7 9. O-O Nf8 10. Re1 Ng6 11. Bd2 h6 12. Qc2 Nh4 13. Nxh4 Bxh4 14. Re3 Bg5 15.
Rg3 Bxd2 16. Qxd2 g5 17. Be2 Ne7 18. Bh5 Rf8 19. Re1 Nf5 20. Rf3 Ng7 21. g4 Qe7
22. Rf6 Nxh5 23. gxh5 Rh8 24. Re3 O-O-O 25. Ref3 Rdf8 26. Qe3 Bc6 27. Nd2 Kb7
28. Rg3 Be8 29. Nf1 c5 30. Qd2 a6 31. Ne3 Rh7 32. Ng4 Rfh8 33. Rgf3 Kc6 34. Qd3
c4 35. Qc2 b5 36. Ne3 Kb7 37. Ng4 Kc6 38. Rh3 Kb6 39. Rff3 b4 40. Nf6 Rg7 41.
Rhg3 a5 42. cxb4 axb4 43. a3 b3 44. Qc3 Kb5 45. Qe1 Bc6 46. Qe2 Ka4 47. Rxb3
cxb3 48. Qa6# 1-0

[Event "Toronto-ch seniors"]
[Site "Toronto CAN"]
[Date "2010.11.23"]
[Round "5"]
[White "Kornmann, Maxim"]
[Black "Pussar, Antonio"]
[Result "1-0"]
[WhiteElo "1746"]
[BlackElo "1226"]
[PlyCount "87"]
[EventDate "2010.10.26"]
[EventType "tourn"]
[EventRounds "7"]
[EventCountry "CAN"]

1. e4 e5 2. Nf3 Nc6 3. d4 exd4 4. Bc4 h6 5. O-O Qf6 6. e5 Nxe5 7. Nxe5 Be7 8.
Nxf7 Rh7 9. Ne5 Qxe5 10. Bxg8 Rh8 11. Bc4 d5 12. f4 Qd6 13. Bd3 Bd7 14. Qh5+
Kd8 15. Qg6 Bf6 16. c3 c6 17. Kh1 Be8 18. Qg3 Kc7 19. cxd4 Bxd4 20. Nc3 Bd7 21.
Bd2 Raf8 22. Rab1 g5 23. Ne2 Bc5 24. Bc3 Rhg8 25. Be5 gxf4 26. Bxd6+ Bxd6 27.
Qe1 f3 28. Rxf3 Re8 29. Qd2 Bg4 30. Rf7+ Kb8 31. Nd4 Bh5 32. Rf2 Bc5 33. Rf4
Re5 34. Nf3 Be3 35. Qe1 Bxf3 36. Rxf3 Bd4 37. Qd1 Reg5 38. Bh7 R8g7 39. Qxd4
Rxh7 40. Rf8+ Kc7 41. Qxa7 Kd6 42. Rbf1 Re7 43. R1f6+ Ke5 44. Qe3# 1-0

[Event "Toronto-ch seniors"]
[Site "Toronto CAN"]
[Date "2010.11.23"]
[Round "5"]
[White "Stein, Mickey"]
[Black "Armstrong, Robert J"]
[Result "1-0"]
[WhiteElo "1993"]
[BlackElo "1831"]
[PlyCount "63"]
[EventDate "2010.10.26"]
[EventType "tourn"]
[EventRounds "7"]
[EventCountry "CAN"]

1. c4 g6 2. g3 Bg7 3. Bg2 Nf6 4. Nc3 O-O 5. e4 e5 6. Nge2 d6 7. O-O Be6 8. d3
Qd7 9. Rb1 Bh3 10. b4 h5 11. Bg5 c6 12. b5 Qg4 13. Qd2 c5 14. f3 Qe6 15. Bxf6
Bxf6 16. Nd5 Bd8 17. f4 Bxg2 18. Kxg2 Nd7 19. f5 Qe8 20. Qh6 Nf6 21. Nxf6+ Bxf6
22. Nc3 Bg7 23. Qd2 Kh7 24. Nd5 Rc8 25. Rf3 Bh8 26. Rbf1 g5 27. f6 Qd7 28. Rf5
Rg8 29. Ne7 Rcf8 30. Nxg8 Rxg8 31. h4 Rg6 32. hxg5 1-0

[Event "Toronto-ch seniors"]
[Site "Toronto CAN"]
[Date "2010.11.30"]
[Round "6"]
[White "Kormendi, Fred"]
[Black "Stein, Mickey"]
[Result "0-1"]
[WhiteElo "1537"]
[BlackElo "1993"]
[PlyCount "106"]
[EventDate "2010.10.26"]
[EventType "tourn"]
[EventRounds "7"]
[EventCountry "CAN"]

1. d4 Nf6 2. c4 c5 3. d5 b5 4. b3 g6 5. Bb2 Bg7 6. Nd2 O-O 7. Ngf3 bxc4 8. bxc4
d6 9. h3 Nbd7 10. e3 Rb8 11. Rb1 Nb6 12. Bd3 e6 13. dxe6 fxe6 14. O-O Bd7 15.
Qc2 Qe7 16. e4 e5 17. Kh1 Nh5 18. Nh2 Nf4 19. Ndf3 Be6 20. Nd2 Qd7 21. Ndf3
Nxd3 22. Qxd3 Bxc4 23. Qc2 Bxf1 24. Nxf1 h6 25. Rd1 Qe6 26. Bc1 g5 27. Ne3 Rf7
28. Nf5 Rd7 29. Qb1 Bf8 30. g4 Rdb7 31. Qc2 Nc8 32. h4 gxh4 33. N3xh4 Rb4 34.
g5 Qc4 35. Qxc4+ Rxc4 36. gxh6 Ne7 37. Nxd6 Rc2 38. Rg1+ Kh7 39. Nhf5 Nxf5 40.
Nxf5 Rb1 41. Be3 Rxg1+ 42. Kxg1 Rxa2 43. Nh4 c4 44. Nf3 Ra5 45. Kf1 Bxh6 46.
Bxh6 Kxh6 47. Ke2 Kg6 48. Nd2 Rc5 49. Kd1 Kg5 50. Kc2 c3 51. Nb1 Kf4 52. Nxc3
Rxc3+ 53. Kxc3 Kxe4 0-1

[Event "Toronto-ch seniors"]
[Site "Toronto CAN"]
[Date "2010.11.30"]
[Round "6"]
[White "Pancer, Jeff"]
[Black "Kornmann, Maxim"]
[Result "1-0"]
[WhiteElo "1233"]
[BlackElo "1746"]
[PlyCount "59"]
[EventDate "2010.10.26"]
[EventType "tourn"]
[EventRounds "7"]
[EventCountry "CAN"]

1. h3 e5 2. a3 Nf6 3. d3 d6 4. e3 Be7 5. b3 O-O 6. g4 h6 7. Bb2 Nh7 8. Ne2 Bd7
9. Bg2 Bc6 10. Bxc6 Nxc6 11. b4 Bh4 12. Ng3 Bxg3 13. fxg3 f5 14. Kd2 fxg4 15.
Qxg4 Qf6 16. Nc3 Qf2+ 17. Ne2 Ng5 18. Raf1 Nf3+ 19. Kd1 Qxe3 20. Bc1 Qb6 21.
Bxh6 Rf7 22. Rxf3 Raf8 23. Rxf7 Rxf7 24. Bd2 Ne7 25. h4 Nf5 26. h5 Qf2 27. h6
Qg2 28. Rg1 Qf2 29. hxg7 Rxg7 30. Qh5 1-0

[Event "Toronto-ch seniors"]
[Site "Toronto CAN"]
[Date "2010.11.30"]
[Round "6"]
[White "Pussar, Antonio"]
[Black "Bellomo, Joe"]
[Result "0-1"]
[WhiteElo "1226"]
[BlackElo "1700"]
[PlyCount "80"]
[EventDate "2010.10.26"]
[EventType "tourn"]
[EventRounds "7"]
[EventCountry "CAN"]

1. e4 c5 2. Nf3 Nc6 3. c3 d6 4. Be2 Nf6 5. d3 Bd7 6. O-O e6 7. h3 Be7 8. Nh2
O-O 9. f4 b5 10. Be3 a5 11. Nd2 Qc7 12. f5 exf5 13. exf5 Nd5 14. Rf3 Ne5 15.
Rg3 Bh4 16. Rxg7+ Kxg7 17. f6+ Bxf6 18. Bf2 Bf5 19. d4 Ng6 20. Bg3 Nb6 21. dxc5
Qxc5+ 22. Bf2 Qc7 23. Bxb5 Rab8 24. Nhf3 Nd7 25. Bxd7 Qxd7 26. Nc4 Qc7 27. Nxd6
Be6 28. Bg3 Qb6+ 29. Nd4 Bxd4+ 30. cxd4 Rbd8 31. Kh2 Rxd6 32. Bxd6 Qxd6+ 33.
Kg1 Rd8 34. Qf3 Qxd4+ 35. Kh1 Qxb2 36. Rf1 Bd5 37. Qg3 Bxg2+ 38. Qxg2 Qxg2+ 39.
Kxg2 Rd2+ 40. Kg1 Rxa2 0-1

[Event "Toronto-ch seniors"]
[Site "Toronto CAN"]
[Date "2010.12.21"]
[Round "7"]
[White "Armstrong, Robert J"]
[Black "Kormendi, Fred"]
[Result "1-0"]
[WhiteElo "1831"]
[BlackElo "1537"]
[PlyCount "59"]
[EventDate "2010.10.26"]
[EventType "tourn"]
[EventRounds "7"]
[EventCountry "CAN"]

1. d4 g6 2. c4 Bg7 3. Nc3 c5 4. d5 d6 5. e4 Nd7 6. f4 Qa5 7. Bd2 Qb6 8. Rb1 a6
9. Nf3 Nh6 10. Bd3 f6 11. O-O O-O 12. Qc2 Nb8 13. Rbe1 Re8 14. e5 Bf5 15. Ne4
Nd7 16. b3 Qc7 17. exf6 exf6 18. Bc3 Rab8 19. Re2 b5 20. Rfe1 Kf7 21. Neg5+
fxg5 22. Nxg5+ Kf8 23. Bxg7+ Kxg7 24. Rxe8 Rxe8 25. Rxe8 Nf6 26. Bxf5 Qb7 27.
Ne6+ Kf7 28. Bxg6+ hxg6 29. Nd8+ Kxe8 30. Nxb7 1-0

[Event "Toronto-ch seniors"]
[Site "Toronto CAN"]
[Date "2010.12.14"]
[Round "7"]
[White "Bellomo, Joe"]
[Black "Pancer, Jeff"]
[Result "1-0"]
[WhiteElo "1700"]
[BlackElo "1233"]
[PlyCount "107"]
[EventDate "2010.10.26"]
[EventType "tourn"]
[EventRounds "7"]
[EventCountry "CAN"]

1. e4 a6 2. Nf3 h6 3. d4 d6 4. c4 b6 5. Nc3 e6 6. Be2 g6 7. O-O Bb7 8. d5 e5 9.
Be3 g5 10. Nd2 Nf6 11. Bh5 Nxh5 12. Qxh5 Nd7 13. b4 Nf6 14. Qd1 g4 15. f4 gxf3
16. Rxf3 Ng4 17. Qa4+ Ke7 18. Raf1 Rh7 19. Qd1 Nxe3 20. Rxe3 Qd7 21. Qh5 Kd8
22. Ref3 f6 23. Rxf6 Be7 24. Rxh6 Rxh6 25. Qxh6 c6 26. dxc6 Bxc6 27. Nd5 Bxd5
28. cxd5 Rc8 29. Qh8+ Qe8 30. Qxe8+ Kxe8 31. a3 Bg5 32. Nf3 Be3+ 33. Kh1 a5 34.
bxa5 bxa5 35. Nh4 Bc5 36. a4 Rb8 37. Ng6 Rb4 38. h4 Rxe4 39. h5 Be3 40. g3 Bh6
41. Rf6 Re1+ 42. Kg2 e4 43. Rxd6 e3 44. Re6+ Kd8 45. Nf4 Bxf4 46. gxf4 Rd1 47.
Rxe3 Rxd5 48. Re5 Rd4 49. Rxa5 Rxf4 50. Kg3 Rf6 51. Kg4 Kc7 52. Kg5 Rf2 53. Rf5
Rg2+ 54. Kf6 1-0

[Event "Toronto-ch seniors"]
[Site "Toronto CAN"]
[Date "2010.12.14"]
[Round "7"]
[White "Pussar, Antonio"]
[Black "Stein, Mickey"]
[Result "0-1"]
[WhiteElo "1226"]
[BlackElo "1993"]
[PlyCount "92"]
[EventDate "2010.10.26"]
[EventType "tourn"]
[EventRounds "7"]
[EventCountry "CAN"]

1. e4 c5 2. Nf3 d6 3. Bc4 Nf6 4. Ng5 e6 5. d3 Nc6 6. a3 a6 7. O-O h6 8. Nh3 e5
9. c3 Bxh3 10. gxh3 Qd7 11. Qf3 Be7 12. Be3 Nd8 13. Nd2 Ne6 14. Bxe6 Qxe6 15.
Kh1 Nh7 16. Nc4 Ng5 17. Qg4 Nxh3 18. Qxe6 fxe6 19. f4 exf4 20. Bxf4 Nxf4 21.
Rxf4 b5 22. Ne3 Bg5 23. Rf3 Bxe3 24. Rxe3 Rf8 25. Rg1 Rf7 26. Rg2 Rf1+ 27. Rg1
Rxg1+ 28. Kxg1 Ra7 29. c4 bxc4 30. dxc4 Rb7 31. Re2 Ke7 32. Kg2 Kf6 33. Kg3 Ke5
34. h4 h5 35. Kf3 Rb3+ 36. Kf2 Rh3 37. b4 cxb4 38. axb4 Rh2+ 39. Ke3 Rxe2+ 40.
Kxe2 Kd4 41. b5 axb5 42. cxb5 Kc5 43. b6 Kxb6 44. e5 d5 45. Ke3 Kc5 46. Kd3 d4
0-1

[Event "Toronto-ch w"]
[Site "Toronto CAN"]
[Date "2010.11.15"]
[Round "1"]
[White "Giblon, Melissa"]
[Black "Giblon, Rebecca"]
[Result "1-0"]
[WhiteElo "1315"]
[BlackElo "1564"]
[PlyCount "47"]
[EventDate "2010.11.02"]
[EventType "tourn"]
[EventRounds "5"]
[EventCountry "CAN"]

1. c4 e5 2. Nc3 Nf6 3. g3 d5 4. cxd5 Nxd5 5. Bg2 Be6 6. Nf3 Nc6 7. O-O f6 8.
Qb3 Rb8 9. Nxe5 Na5 10. Qa4+ c6 11. Nxd5 Bxd5 12. Bxd5 Qxd5 13. Nf3 g5 14. b4
g4 15. Nh4 Qd4 16. Rb1 Nc4 17. d3 Ne5 18. Be3 Qd5 19. Qxa7 Bd6 20. Qd4 Qe6 21.
Qe4 Bc7 22. d4 Qxa2 23. dxe5 fxe5 24. Bd4 1-0

[Event "Toronto-ch w"]
[Site "Toronto CAN"]
[Date "2010.11.21"]
[Round "1"]
[White "Liu, Jiaxin (Dora)"]
[Black "Zhou, Qiyu"]
[Result "0-1"]
[WhiteElo "1414"]
[BlackElo "1464"]
[PlyCount "61"]
[EventDate "2010.11.02"]
[EventType "tourn"]
[EventRounds "5"]
[EventCountry "CAN"]

1. e4 c5 2. Nf3 d6 3. d4 cxd4 4. Nxd4 Nf6 5. Nc3 g6 6. f3 Bg7 7. Be3 O-O 8. Qd2
Nc6 9. O-O-O Nxd4 10. Bxd4 Be6 11. h4 Qa5 12. a3 Rfc8 13. Qg5 Qxg5+ 14. hxg5
Nd7 15. Bxg7 Kxg7 16. Be2 f6 17. gxf6+ Nxf6 18. Rh2 Rc5 19. Rf1 Rac8 20. Bd3
Bg8 21. Kd2 a6 22. Ne2 e5 23. g3 d5 24. Rhf2 Rd8 25. exd5 Bxd5 26. Nc3 Bc4 27.
Ne4 Rcd5 28. Kc1 Bxd3 29. cxd3 Rxd3 30. Ng5 R8d6 31. Re2 0-1

[Event "Toronto-ch w"]
[Site "Toronto CAN"]
[Date "2010.11.02"]
[Round "1"]
[White "Sametova, Zhanna"]
[Black "Orlova, Yelizaveta"]
[Result "1/2-1/2"]
[WhiteElo "1523"]
[BlackElo "2045"]
[PlyCount "63"]
[EventDate "2010.11.02"]
[EventType "tourn"]
[EventRounds "5"]
[EventCountry "CAN"]

1. e4 c5 2. Nf3 Nc6 3. d4 cxd4 4. Nxd4 Qb6 5. Nxc6 bxc6 6. Bd3 g6 7. c4 Bg7 8.
Nc3 d6 9. Qc2 Nf6 10. Be3 Qc7 11. f3 Be6 12. O-O-O Rb8 13. Kb1 Nd7 14. f4 Qa5
15. Bd2 Nc5 16. Be2 f5 17. Nd5 Qd8 18. Bc3 Bxc3 19. Nxc3 Nxe4 20. Bf3 Nxc3+ 21.
Qxc3 Kd7 22. Rhe1 Re8 23. Bxc6+ Kxc6 24. Rxe6 Qb6 25. Re2 Qb4 26. Qf3+ Kc7 27.
Qf2 Qb6 28. c5 dxc5 29. Qe1 e6 30. Rc2 Kb7 31. Qe5 Rbd8 32. Rdc1 1/2-1/2

[Event "Toronto-ch w"]
[Site "Toronto CAN"]
[Date "2010.11.09"]
[Round "2"]
[White "Liu, Jiaxin (Dora)"]
[Black "Sametova, Zhanna"]
[Result "1-0"]
[WhiteElo "1414"]
[BlackElo "1523"]
[PlyCount "61"]
[EventDate "2010.11.02"]
[EventType "tourn"]
[EventRounds "5"]
[EventCountry "CAN"]

1. e4 c5 2. Nf3 Nc6 3. d4 cxd4 4. Nxd4 g6 5. c4 Nf6 6. Nc3 d6 7. f3 Bg7 8. Be3
O-O 9. Qd2 Bd7 10. O-O-O a6 11. h4 Rc8 12. Kb1 Ne5 13. g4 Nxc4 14. Bxc4 Rxc4
15. Nb3 Be6 16. Nd4 Qb8 17. Bh6 b5 18. Bxg7 Kxg7 19. h5 Qc8 20. hxg6 fxg6 21.
Qh6+ Kg8 22. Nce2 Bf7 23. Ng3 Qc5 24. Ngf5 gxf5 25. Nxf5 Qxf5 26. gxf5 Bh5 27.
Rdg1+ Kf7 28. Rxh5 Nxh5 29. Qxh5+ Kf6 30. Qxh7 Rfc8 31. Qg7# 1-0

[Event "Toronto-ch w"]
[Site "Toronto CAN"]
[Date "2010.11.09"]
[Round "2"]
[White "Orlova, Yelizaveta"]
[Black "Giblon, Melissa"]
[Result "1-0"]
[WhiteElo "2045"]
[BlackElo "1315"]
[PlyCount "81"]
[EventDate "2010.11.02"]
[EventType "tourn"]
[EventRounds "5"]
[EventCountry "CAN"]

1. d4 Nf6 2. Nf3 g6 3. g3 Bg7 4. Bg2 O-O 5. O-O e6 6. b3 Nc6 7. Bb2 d5 8. Nbd2
Re8 9. c4 Ne4 10. e3 Nxd2 11. Qxd2 Ne7 12. Rac1 Qd6 13. Rfd1 c5 14. dxc5 Qxc5
15. Bxg7 Kxg7 16. Qb2+ Kg8 17. cxd5 Qb6 18. d6 Nd5 19. e4 Qxd6 20. Ne5 Bd7 21.
exd5 Bb5 22. Nc4 Bxc4 23. bxc4 exd5 24. c5 Qc7 25. Bxd5 Rab8 26. Qf6 Qe7 27.
Qxe7 Rxe7 28. Bf3 Rc8 29. Rd6 Rec7 30. c6 bxc6 31. Rdxc6 Rxc6 32. Rxc6 Rxc6 33.
Bxc6 Kf8 34. Kf1 Ke7 35. Ke2 Kd6 36. Ba4 Ke5 37. Ke3 f5 38. f4+ Kd5 39. Kd3 h6
40. h4 a6 41. Be8 1-0

[Event "Toronto-ch w"]
[Site "Toronto CAN"]
[Date "2010.11.30"]
[Round "2"]
[White "Zhou, Qiyu"]
[Black "Giblon, Rebecca"]
[Result "0-1"]
[WhiteElo "1464"]
[BlackElo "1564"]
[PlyCount "54"]
[EventDate "2010.11.02"]
[EventType "tourn"]
[EventRounds "5"]
[EventCountry "CAN"]

1. e4 e5 2. Nf3 Nc6 3. d4 exd4 4. Nxd4 Bc5 5. Be3 Qf6 6. c3 Nge7 7. Bc4 d6 8.
O-O Qg6 9. f3 O-O 10. b4 Bb6 11. Kh1 Kh8 12. Qd2 Ne5 13. Bb3 f5 14. exf5 Bxf5
15. Nxf5 Nxf5 16. Bf2 Qh5 17. Bd1 Bxf2 18. Rxf2 Qh4 19. Na3 Nh6 20. g3 Qh3 21.
Kg1 Rf6 22. f4 Neg4 23. Bxg4 Nxg4 24. Re2 Raf8 25. Nb5 g5 26. fxg5 Rf1+ 27.
Rxf1 Rxf1# 0-1

[Event "Toronto-ch w"]
[Site "Toronto CAN"]
[Date "2010.11.16"]
[Round "3"]
[White "Giblon, Melissa"]
[Black "Liu, Jiaxin (Dora)"]
[Result "1-0"]
[WhiteElo "1315"]
[BlackElo "1414"]
[PlyCount "107"]
[EventDate "2010.11.02"]
[EventType "tourn"]
[EventRounds "5"]
[EventCountry "CAN"]

1. e4 c5 2. Nf3 d6 3. d4 cxd4 4. Nxd4 Nf6 5. Nc3 a6 6. f3 e6 7. Be3 Be7 8. Qd2
Qc7 9. O-O-O Nbd7 10. g4 Nc5 11. g5 Nfd7 12. f4 b5 13. Bxb5 axb5 14. Ndxb5 Qc6
15. Nxd6+ Bxd6 16. Qxd6 Qxd6 17. Rxd6 Bb7 18. Bxc5 Nxc5 19. Re1 Ke7 20. e5 Rhd8
21. Rxd8 Rxd8 22. Rd1 Rxd1+ 23. Kxd1 Kd7 24. Kd2 Ne4+ 25. Nxe4 Bxe4 26. c4 Kc6
27. Kc3 Kb6 28. b4 Bc6 29. Kb3 Bd7 30. a4 Bc8 31. c5+ Ka6 32. Kc4 Bb7 33. b5+
Ka5 34. c6 Bc8 35. Kc5 h6 36. b6 Ka6 37. h4 h5 38. a5 g6 39. Kd6 Bb7 40. cxb7
Kxb7 41. Ke7 Ka6 42. Kxf7 Kb7 43. Kxg6 Kc6 44. Kxh5 Kb7 45. g6 Ka6 46. g7 Kb7
47. g8=Q Ka6 48. Qa8+ Kb5 49. b7 Kc4 50. b8=Q Kd3 51. Qd6+ Ke3 52. Qa7+ Ke4 53.
Qad4+ Kf5 54. Qf8# 1-0

[Event "Toronto-ch w"]
[Site "Toronto CAN"]
[Date "2010.11.16"]
[Round "3"]
[White "Giblon, Rebecca"]
[Black "Orlova, Yelizaveta"]
[Result "0-1"]
[WhiteElo "1564"]
[BlackElo "2045"]
[PlyCount "60"]
[EventDate "2010.11.02"]
[EventType "tourn"]
[EventRounds "5"]
[EventCountry "CAN"]

1. e4 c5 2. Nf3 Nc6 3. d4 cxd4 4. Nxd4 Qb6 5. Nb3 g6 6. Be3 Qb4+ 7. N1d2 Bg7 8.
c3 Qd6 9. Qc2 Qc7 10. O-O-O Nf6 11. Nf3 d6 12. Nbd4 a6 13. Bd3 Bd7 14. Rhe1 b5
15. Qd2 Ng4 16. h3 Nxe3 17. Qxe3 O-O 18. Bc2 Rab8 19. Nxc6 Bxc6 20. Nd4 b4 21.
Nxc6 Qxc6 22. cxb4 Rxb4 23. b3 Rc8 24. Re2 a5 25. f4 Bc3 26. e5 dxe5 27. fxe5
a4 28. Be4 Qc7 29. Rc2 Qxe5 30. Qf3 Rxe4 0-1

[Event "Toronto-ch w"]
[Site "Toronto CAN"]
[Date "2010.11.16"]
[Round "3"]
[White "Sametova, Zhanna"]
[Black "Zhou, Qiyu"]
[Result "1/2-1/2"]
[WhiteElo "1523"]
[BlackElo "1464"]
[PlyCount "78"]
[EventDate "2010.11.02"]
[EventType "tourn"]
[EventRounds "5"]
[EventCountry "CAN"]

1. e4 c5 2. Nf3 d6 3. d4 cxd4 4. Nxd4 Nf6 5. Nc3 g6 6. Be2 Bg7 7. Be3 O-O 8.
Qd2 Nc6 9. O-O-O d5 10. f3 e5 11. Nxc6 bxc6 12. exd5 cxd5 13. Nxd5 Nxd5 14.
Qxd5 Qc7 15. Qxa8 Bf5 16. Qxf8+ Bxf8 17. Bd3 Be6 18. Kb1 Qb7 19. Be4 Qb5 20. b3
f5 21. Bd3 Qb8 22. h3 Bg7 23. Be2 a5 24. Bg5 Qc7 25. Bc1 a4 26. Bb2 Qa5 27. Rd6
Bf7 28. Rhd1 h6 29. Ra6 Qc5 30. Rxa4 Qf2 31. Bf1 g5 32. Ra5 Qe3 33. b4 Bg6 34.
Bc4+ Kh7 35. Ra8 f4 36. Bg8+ Kh8 37. Bc4+ Kh7 38. Bg8+ Kh8 39. Bc4+ Kh7 1/2-1/2